| 000 | 00610nam a22002057a 4500 | ||
|---|---|---|---|
| 003 | OSt | ||
| 005 | 20140310182226.0 | ||
| 008 | 121114t xxu||||| |||| 00| 0 eng d | ||
| 020 | _a0553159445 | ||
| 050 |
_aPZ 7 _b.Su968s62 1992 |
||
| 082 |
_aFIC _bSu9sv #62 |
||
| 100 |
_aSuzanne, Jamie _94455 |
||
| 245 |
_aSarah's dad and Sophia's mom / _cwritten by Jamie Suzanne; created by Francine Pascal. |
||
| 260 |
_aNew York : _bBantam Books, _c1992. |
||
| 300 |
_a138 p. ; _c20 cm. |
||
| 440 |
_aSweet valley twins and friends _n#62 _917735 |
||
| 650 |
_aFiction _9746 |
||
| 942 |
_2lcc _cFIC |
||
| 999 |
_c10791 _d10791 |
||